000 01050nam a2200289 i 4500
003 DO-SdBNP
005 20260602185850.0
007 ta
008 250401e1984 dr 000 0 spa d
040 _aDO-SdBNP
_bspa
_cBNPHU
_erda
041 _aspa
082 4 _a972.93
_bM516b, 1984
_223
100 1 _aMejía-Ricart G., Tirso,
_q(Mejía-Ricart Guzmán)
_d1936-2021
_eautor
_4aut.
_91569
245 1 0 _aBreve historia dominicana :
_buna síntesis crítica. /
_cTirso Meja-Ricart G.
250 _aCuarta edición
264 _aSanto Domingo, R.D. :
_bEditora Alfa y Omega,
_c1984.
300 _a48 páginas ;
_c21 cm
_e+ partitura musical
336 _atexto
_btxt
_2rdacontent
337 _asin mediación
_bn
_2rdamedia
338 _avolumen
_bnc
_2rdacarrier
500 _aIncluye datos biografícos del autor en la contraportada.
590 _aInventariado 2025 / YL
651 _aRepública Dominicana
_vCompendios, sinopsis, etc.
_xHistoria
_989851
651 _aRepública Dominicana
_xManuales
_989852
910 _aYLockward
942 _2ddc
_cLF2
999 _c58540
_d58540